| 000 | 00344nam a22001337a 4500 | ||
|---|---|---|---|
| 020 | _a0321219147 | ||
| 082 |
_222 _a005.1 |
||
| 100 | _aJohnson, Michael K and Troan, Erik W. | ||
| 245 | _aLinux application development / | ||
| 250 | _a2nd. | ||
| 260 |
_aUSA, _bAddison Wesley, _cc2005p. |
||
| 300 |
_axxxi, 702p. _bill. ; _c24 cm. |
||
| 942 |
_2ddc _cIT |
||
| 999 |
_c1530 _d1530 |
||